|
|
|
|
| LEADER |
03213nam a22006015i 4500 |
| 001 |
978-1-4302-2836-3 |
| 003 |
DE-He213 |
| 005 |
20151204185548.0 |
| 007 |
cr nn 008mamaa |
| 008 |
100825s2010 xxu| s |||| 0|eng d |
| 020 |
|
|
|a 9781430228363
|9 978-1-4302-2836-3
|
| 024 |
7 |
|
|a 10.1007/978-1-4302-2836-3
|2 doi
|
| 040 |
|
|
|d GrThAP
|
| 050 |
|
4 |
|a QA75.5-76.95
|
| 072 |
|
7 |
|a UY
|2 bicssc
|
| 072 |
|
7 |
|a COM014000
|2 bisacsh
|
| 082 |
0 |
4 |
|a 004
|2 23
|
| 100 |
1 |
|
|a Peeters, Steven.
|e author.
|
| 245 |
1 |
0 |
|a Flash Builder and Flash Catalyst
|h [electronic resource] :
|b The New Workflow /
|c by Steven Peeters ; edited by Clay Andres, Steve Anglin, Mark Beckner, Ewan Buckingham, Gary Cornell, Jonathan Gennick, Jonathan Hassell, Michelle Lowman, Matthew Moodie, Duncan Parkes, Jeffrey Pepper, Frank Pohlmann, Douglas Pundick, Ben Renow-Clarke, Dominic Shakeshaft, Matt Wade, Tom Welsh.
|
| 264 |
|
1 |
|a Berkeley, CA :
|b Apress,
|c 2010.
|
| 300 |
|
|
|a 360 p.
|b online resource.
|
| 336 |
|
|
|a text
|b txt
|2 rdacontent
|
| 337 |
|
|
|a computer
|b c
|2 rdamedia
|
| 338 |
|
|
|a online resource
|b cr
|2 rdacarrier
|
| 347 |
|
|
|a text file
|b PDF
|2 rda
|
| 505 |
0 |
|
|a Flex and AIR: Taking RIAs to the Next Level -- Flex 4 SDK: Overview of the New Features -- Flash Builder 4: The programming environment -- Flash Catalyst: bridging the gap -- Choosing the Best Workflow -- Case Study: An E-Commerce Site -- Managing RIA Projects -- Frameworks -- Best Practices.
|
| 520 |
|
|
|a The Flash Platform is changing. Flash Builder and Flash Catalyst have brought a new separation of design and coding to web development that enables a much more efficient and streamlined workflow. For designers and developers used to the close confines of Flash, this is a hugely liberating, but at first alien concept. This book teaches the new workflow for the Flash platform. It gives an overview of the technologies involved and provides you with real-world project examples and best-practice guidelines to get from design to implementation with the tools at hand. Includes many examples Focuses on real-world situations Covers designer and developer workflow.
|
| 650 |
|
0 |
|a Computer science.
|
| 650 |
1 |
4 |
|a Computer Science.
|
| 650 |
2 |
4 |
|a Computer Science, general.
|
| 700 |
1 |
|
|a Andres, Clay.
|e editor.
|
| 700 |
1 |
|
|a Anglin, Steve.
|e editor.
|
| 700 |
1 |
|
|a Beckner, Mark.
|e editor.
|
| 700 |
1 |
|
|a Buckingham, Ewan.
|e editor.
|
| 700 |
1 |
|
|a Cornell, Gary.
|e editor.
|
| 700 |
1 |
|
|a Gennick, Jonathan.
|e editor.
|
| 700 |
1 |
|
|a Hassell, Jonathan.
|e editor.
|
| 700 |
1 |
|
|a Lowman, Michelle.
|e editor.
|
| 700 |
1 |
|
|a Moodie, Matthew.
|e editor.
|
| 700 |
1 |
|
|a Parkes, Duncan.
|e editor.
|
| 700 |
1 |
|
|a Pepper, Jeffrey.
|e editor.
|
| 700 |
1 |
|
|a Pohlmann, Frank.
|e editor.
|
| 700 |
1 |
|
|a Pundick, Douglas.
|e editor.
|
| 700 |
1 |
|
|a Renow-Clarke, Ben.
|e editor.
|
| 700 |
1 |
|
|a Shakeshaft, Dominic.
|e editor.
|
| 700 |
1 |
|
|a Wade, Matt.
|e editor.
|
| 700 |
1 |
|
|a Welsh, Tom.
|e editor.
|
| 710 |
2 |
|
|a SpringerLink (Online service)
|
| 773 |
0 |
|
|t Springer eBooks
|
| 776 |
0 |
8 |
|i Printed edition:
|z 9781430228356
|
| 856 |
4 |
0 |
|u http://dx.doi.org/10.1007/978-1-4302-2836-3
|z Full Text via HEAL-Link
|
| 912 |
|
|
|a ZDB-2-CWD
|
| 950 |
|
|
|a Professional and Applied Computing (Springer-12059)
|